000 00798nam a22002297a 4500
001 7045
003 FISKH
005 20250619110145.0
008 250619b cb ||||| |||| 00| 0 eng d
020 _a9780721410203
040 _aFISKH
_beng
_cFISKH
_dFISKH
050 _aPZ7.P85 T
082 _a823.912
100 _aHately, David
245 _aThe tale of squirrel Nutkin :
_bBase on the original story by Beatrix Potter /
260 _aLoughborougt :
_bLadybird Book,
_c1987.
300 _a26 pages :
_bcolor illustrations ;
_c18 cm
520 _aSquirrel Nutkin would rather ask an old owl riddles than gather nuts with the other squirrels.
650 _aClassic Animal Tale
_vEnglish Countryside
_xMischief & Morality
_yRespect & Consequences
942 _2ddc
_cBK
_n0
999 _c7045
_d7045